000 00902nam a22002175i 4500
001 162481
003 ES-MaACL
005 20230906212533.0
008 991209s1872 sp |||| | spa d
080 _a227.63(81)
080 _a551.417(81)
100 1 _aPosadillo, Isidro.
_9131303
245 1 0 _aDerrotero de las costas del Brasil /
_credactado por Isidro Posadillo... y publicado de orden del Almirantazgo con el de las costas del Río de la Plata por la Sección de Hidrografía.
260 _aMadrid :
_bDepósito Hidrográfico,
_c1872 (
_fImp. de T. Fortanet)
300 _aXIII, 525 p. ;
_c23 cm.
530 _aDisponible en formato digital.
650 4 _aDerroteros-
_zBrasil.
_9154846
710 1 _aEspaña.
_bDepósito Hidrográfico.
_93691
852 4 _aES-MaACL
_jG-11310
_z- Enc. hol.
856 4 _uhttp://bdh-rd.bne.es/viewer.vm?id=0000000533&page=1
_zBiblioteca Digital Hispánica
999 _c162481
_d162481